| 000 | 00835nam a2200325 a 4500 | ||
|---|---|---|---|
| 001 | 72533 | ||
| 003 | BD-RjUL | ||
| 005 | 20211209082255.0 | ||
| 008 | 170520s1984 enkar 0 a0eng c | ||
| 035 | _a(BD-RjUL)72751 | ||
| 040 |
_aMUL _beng _cMUL _dBD-RjUL |
||
| 041 | _aeng | ||
| 060 | 0 | 0 |
_aW1 _bME9616CM |
| 070 | 0 | _aQR58.N6 | |
| 072 | 0 | _aX300 | |
| 082 | 0 | 0 |
_a579 _223 _bMET 1984 |
| 245 | 0 | 0 |
_aMethods in microbiology / _cT. Bergan |
| 260 |
_aNew York : _bAcademic Press, _c1984. |
||
| 300 |
_av. : _bill. ; _c23 cm. |
||
| 321 | _aIrregular | ||
| 500 | _aIncludes index | ||
| 505 | _aVol. 14 -- , V. 15 -- | ||
| 650 | 0 |
_aMicrobiology _xTechnique. _9214534 |
|
| 700 |
_aBergan, T _9214541 |
||
| 942 |
_2ddc _cBK |
||
| 999 |
_c72533 _d72533 |
||